| 000 | 01576cam a22004094i 4500 | ||
|---|---|---|---|
| 003 | PE-LiUPU | ||
| 005 | 20250731175624.0 | ||
| 008 | 150623s r 000 0 d | ||
| 020 | _a1565630904 | ||
| 035 | _a(Sirsi) i9781565630901 | ||
| 040 |
_aPE-LiUPU _bspa _cPE-LiUPU _erda |
||
| 049 | _aPRUA | ||
| 082 | 0 | 4 |
_a492.4 _bG45 _221 |
| 100 | 1 |
_aGibson, John C. L., _eautor. |
|
| 245 | 1 | 0 |
_aLanguage and imagery in the Old Testament / _cJ.C.L. Gibson. |
| 264 | 1 |
_aPeabody, MA. : _bHendrickson Publishers, _c1998. |
|
| 300 |
_a166 páginas ; _c22 centímetros |
||
| 336 |
_atext _2rdacontent |
||
| 337 |
_aunmediated _2rdamedia |
||
| 338 |
_avolume _2rdacarrier |
||
| 504 | _aIncluye bibliografía. | ||
| 505 | 0 | _aThe energies of the hebrew language. -Language about God in the Old testament. -The rhetoric of hebrew prose writing. -The rhetoric and melodies of hebrew poetry. -The rhetoric of hebrew myth. -Images of God. -Images of humanity. | |
| 526 | _aP145 | ||
| 526 | _aP127 | ||
| 526 | _aP97 | ||
| 526 | _aP35 | ||
| 526 | _aP14 | ||
| 526 | _aP07 | ||
| 630 |
_aBiblia. _pA.T. _xLenguaje y estilo. |
||
| 650 | 0 | 4 | _aBiblia como literatura. |
| 942 |
_2ddc _cBOOK |
||
| 949 |
_a492.4 G45 _wDEWEY _c1 _i48044 _lCCODEBUL1 _mBUL _r0 _sY _tBOOK _u2015-6-24 _xTEOLOGIA _PP35 _0COMPRA _o.STAFF. Colección General |
||
| 994 |
_aC0 _bPEPRU |
||
| 596 | _a1 | ||
| 999 |
_a492.4 G45 _wDEWEY _c25613 _i48044 _f2021-11-11 _g5 _lCCODEBUL1 _mBUL _r0 _sY _tBOOK _u2015-6-24 _xTEOLOGIA _PP35 _0COMPRA _o.STAFF. Colección General _d25613 |
||
| 980 |
_81 _gALBERTO SANCHEZ Responsable de Automatización |
||